| Tag |
First Indicator |
Second Indicator |
Subfields |
| LEADER |
00000cam a22000001i 4500 |
| 001 |
in00003956310 |
| 006 |
m d f |
| 007 |
cr bn mmmapmmp |
| 008 |
410727s1941 dcu o f000 0 eng d |
| 005 |
20250211000326.1 |
| 035 |
|
|
|a ebd1940004247
|
| 040 |
|
|
|a UMI
|c UMI
|e rda
|d UtOrBLW
|
| 086 |
0 |
|
|a S 9.8:184
|
| 099 |
|
|
|a S9.8..184
|
| 110 |
1 |
|
|a United States.
|b Department of State.
|0 http://id.loc.gov/authorities/names/n80126198
|
| 245 |
1 |
0 |
|a Reciprocal trade, supplementary agreement between United States and Canada, amending with regard to fox furs and skins, agreement of Nov. 17, 1938.
|
| 264 |
|
1 |
|a [Washington] :
|b [publisher not identified],
|c 1941.
|
| 300 |
|
|
|a 1 online resource (9 pages), digital, PDF file
|
| 336 |
|
|
|a text
|b txt
|2 rdacontent
|
| 337 |
|
|
|a computer
|b c
|2 rdamedia
|
| 338 |
|
|
|a online resource
|b cr
|2 rdacarrier
|
| 533 |
|
|
|a Electronic reproduction.
|b [Bethesda, Md.] :
|c ProQuest,
|d 2016
|e digital, PDF file.
|n ProQuest U.S. Executive Branch Documents
|n Mode of access: World Wide Web via ProQuest website.
|
| 588 |
|
|
|a Record is based on online resource; title from PDF title page (ProQuest, last viewed Oct. 2016). Reuse except for individual research requires license from ProQuest, LLC.
|
| 650 |
|
0 |
|a Executive agreements.
|0 http://id.loc.gov/authorities/subjects/sh85046281
|
| 650 |
|
0 |
|a Commercial treaties.
|0 http://id.loc.gov/authorities/subjects/sh85028962
|
| 650 |
|
0 |
|a International relations.
|0 http://id.loc.gov/authorities/subjects/sh85067435
|
| 650 |
|
0 |
|a Hides and skins.
|0 http://id.loc.gov/authorities/subjects/sh85060632
|
| 856 |
4 |
0 |
|u http://proxy.library.tamu.edu/login?url=http://congressional.proquest.com/congressional/docview/t66.d71.s9.8..184?
|y Electronic resource (PDF)
|t 0
|
| 999 |
f |
f |
|s 132a77a2-8c6c-3319-8eef-00206285801d
|i ccb85950-d352-3131-922e-80e823e83c11
|t 0
|
| 952 |
f |
f |
|a Texas A&M University
|b College Station
|c Electronic Resources
|d Available Online
|t 0
|h No information provided
|
| 998 |
f |
f |
|t 0
|l Available Online
|